El "Llibre de la cadena" de Reus (Record no. 76756)

MARC details
000 -LEADER
campo de control de longitud fija 00939nam a2200253 i 4500
001 - NÚMERO DE CONTROL
campo de control 76756
003 - IDENTIFICADOR DE NÚMERO DE CONTROL
campo de control ES-MaACL
005 - FECHA Y HORA DE LA ÚLTIMA TRANSACCIÓN
campo de control 20250809232004.0
007 - CAMPO FIJO DE DESCRIPCIÓN FÍSICA--INFORMACIÓN GENERAL
campo de control de longitud fija t|
008 - DATOS DE LONGITUD FIJA--INFORMACIÓN GENERAL
campo de control de longitud fija 041005s1963 sp |||| | cat d
100 1# - ENTRADA PRINCIPAL--NOMBRE DE PERSONA
Nombre de persona Guix Sugranyes, José María.
9 (RLIN) 163967
245 14 - MENCIÓN DEL TÍTULO
Título El "Llibre de la cadena" de Reus
Resto del título : règim juridic de la vila en l'Edat mitjana... /
Mención de responsabilidad, etc. Josep Mª Guix Sugranyes ; proleg de Josep Mª Font Rius ; epílogo de L.G. de Valdeavellano.
260 ## - PUBLICACIÓN, DISTRIBUCIÓN, ETC.
Lugar de publicación, distribución, etc. Reus :
Nombre del editor, distribuidor, etc. Asociación de Estudios Reusenses,
Fecha de publicación, distribución, etc. 1963.
300 ## - DESCRIPCIÓN FÍSICA
Extensión 1 v. ;
Dimensiones 25 cm.
490 1# - MENCIÓN DE SERIE
Mención de serie Rosa de Reus
650 #4 - PUNTO DE ACCESO ADICIONAL DE MATERIA--TÉRMINO DE MATERIA
Término de materia o nombre geográfico como elemento de entrada Derecho-
Subdivisión geográfica Reus-
Subdivisión de forma Fuentes.
9 (RLIN) 163969
651 #4 - PUNTO DE ACCESO ADICIONAL DE MATERIA--NOMBRE GEOGRÁFICO
Nombre geográfico Reus-
Subdivisión general Historia.
9 (RLIN) 161512
700 1# - ENTRADA AGREGADA--NOMBRE PERSONAL
Nombre de persona Font i Rius, Josep Maria.
9 (RLIN) 51559
700 1# - ENTRADA AGREGADA--NOMBRE PERSONAL
Nombre de persona Valdeavellano, Luis G. de,
Fechas asociadas al nombre 1904-1985
9 (RLIN) 163968
710 2# - ENTRADA AGREGADA--NOMBRE DE ENTIDAD CORPORATIVA
Nombre de entidad corporativa o nombre de jurisdicción como elemento de entrada Asociación de Estudios Reusenses.
9 (RLIN) 1590
830 0# - PUNTO DE ACCESO ADICIONAL DE SERIE-TÍTULO UNIFORME
Título uniforme Rosa de Reus
9 (RLIN) 231317
852 ## - LOCALIZACIÓN
Ubicación ES-MaACL
Número de control de estantería P-985-bis
Holdings
Estatus retirado Estado de pérdida Estado de daño No para préstamo Biblioteca de origen Biblioteca actual Ubicación en estantería Fecha de adquisición Fuente de adquisición Total de préstamos Signatura topográfica completa Código de barras Visto por última vez Precio de reemplazo Tipo de ítem Koha
        Biblioteca del Ateneo de Madrid Biblioteca del Ateneo de Madrid Depósito 2 17/01/2008     P-985-bis 1080315 23/02/2023 23/02/2023 Libro impreso